| 000 | 00670ntm a22002177a 4500 | ||
|---|---|---|---|
| 005 | 20250522162019.0 | ||
| 008 | 190322b xxu||||| |||| 00| 0 spa d | ||
| 020 | _a9786071418609 | ||
| 041 | _aESP | ||
| 082 | _a891.863 K11o | ||
| 100 |
_aKafka, Franz _928167 |
||
| 245 | _aObras maestras | ||
| 260 | _aMéxico | ||
| 260 | _bEditores Mexicanos Unidos | ||
| 260 | _c2017 | ||
| 300 | _a607 páginas | ||
| 505 | _aIncluye: La metamorfosis, El proceso, Carta al padre, La muralla china y otros relatos, El castillo, Un artista del hambre, En la colonia penitenciaria. | ||
| 650 | _aNOVELA CHECOSLOVACA | ||
| 650 | _aLITERATURA CHECOSLOVACA | ||
| 942 |
_cLIT _2ddc |
||
| 999 |
_c11772 _d11772 |
||